ELITE, TECNOCRACIA Y MOVILIDAD POLITICA EN MEXICO/

-д хадгалсан:
Номзүйн дэлгэрэнгүй
Үндсэн зохиолч: Suárez Farías, Francisco (autor)
Формат: Ном
Цуврал:ENSAYOS
Нөхцлүүд:
Шошгууд: Шошго нэмэх
Шошго байхгүй, Энэхүү баримтыг шошголох эхний хүн болох!

MARC

LEADER 00000nam^a2200000^a^4500
001 000224499
005 20250521000000.0
009 20260310104052.072
020 |a 968-840-804-2 
035 |a 043208 
037 |a Acervo Xavier Clavigero 
082 |a 320. 972  |b SUA 
100 |a Suárez Farías, Francisco  |e (autor) 
245 1 0 |a ELITE, TECNOCRACIA Y MOVILIDAD POLITICA EN MEXICO/  |c FRANCISCO SUAREZ FARIAS 
264 |a México :  |b Universidad Autónoma Metropolitana Xochimilco,  |c 1991 
300 |a 303p. 
336 |a texto  |b txt  |2 rdacontenido 
337 |a sin mediación  |b n  |2 rdamedio 
338 |a volumen  |b nc  |2 rdasoporte 
440 |a ENSAYOS 
649 |a XX 
650 |a Política -  |z México 
650 |a Elites 
650 |a Tecnocracia 
650 |a Poder (Ciencias Sociales) 
910 |a Fondo General 
920 |a Impresos - Libros 
930 |a Colección General 
905 |a 101 
901 |a 043208  |b IT1  |c ACC  |i 043208  |u 20250521 
902 |a https://opac.biblio.iteso.mx/vufind/Record/000224499